Finders keepers. (Record no. 16797)

000 -LEADER
fixed length control field 00478nam a2200169 a 4500
001 - CONTROL NUMBER
control field :::00020083$&:&@@
003 - CONTROL NUMBER IDENTIFIER
control field OkBaRHE
005 - DATE AND TIME OF LATEST TRANSACTION
control field 20011211120938.0
008 - FIXED-LENGTH DATA ELEMENTS--GENERAL INFORMATION
fixed length control field s1983 j 000 0 eng u
040 ## - CATALOGING SOURCE
Transcribing agency
100 1# - MAIN ENTRY--PERSONAL NAME
Personal name Brestin, Dee
245 10 - TITLE STATEMENT
Title Finders keepers.
260 ## - PUBLICATION, DISTRIBUTION, ETC. (IMPRINT)
Place of publication, distribution, etc Wheaton, IL
Name of publisher, distributor, etc Harold Shaw Publishers
Date of publication, distribution, etc 1983
300 ## - PHYSICAL DESCRIPTION
Extent 179 p.
942 ## - ADDED ENTRY ELEMENTS (KOHA)
Source of classification or shelving scheme
Koha item type Books
Copies
Shelving location Barcode Price effective from Withdrawn status Not for loan Permanent Location Lost status Koha item type Damaged status Date last seen Source of classification or shelving scheme Date acquired Copy number Full call number
General Stacks200832010-04-14  RHEMA Bible Training College Books 2010-04-14 2010-04-141BV 3790 .B665